Tous les clubs ayant joué au moins une saison de Ligue 1 - Statistiques

Statistiques générales
  • Ce quiz a été pris 278 fois
  • Le résultat moyen est 49 sur 75
Statistiques - réponses
Rang Club Nombre de saison % Correct
1 Olympique Marseille 76
100%
14 Paris SG 52
100%
5 Olympique Lyonnais 68
97%
6 AS Monaco 67
95%
8 LOSC 66
95%
2 AS Saint-Etienne 70
94%
3 Girondins Bordeaux 69
93%
12 RC Lens 63
93%
4 Stade Rennais 68
92%
13 FC Nantes 57
91%
7 OGC Nice 67
91%
56 Paris FC 3
91%
30 Stade Brestois 19
91%
19 AJ Auxerre 34
90%
69 AS Béziers 1
88%
18 Toulouse FC 35
88%
28 Toulouse FC 1937-67 19
88%
15 Montpellier HSC 43
87%
17 Nîmes Olympique 36
87%
43 Olympique Lillois 7
86%
74 Club Français 1
85%
45 SC Fivois 7
85%
16 Stade de Reims 40
85%
37 Stade Français 15
85%
62 CA Paris 2
84%
11 FC Metz 64
82%
22 SCO Angers 32
82%
40 En Avant Guingamp 13
81%
33 FC Lorient 17
80%
24 AS Nancy Lorraine 30
78%
36 FC Nancy 15
78%
25 Le Havre AC 26
78%
32 SM Caen 18
78%
20 SC Bastia 34
77%
38 AC Ajaccio 14
76%
66 GFC Ajaccio 1
76%
58 Clermont Foot 3
75%
9 FC Sochaux 66
75%
10 RC Strasbourg 64
73%
59 Amiens SC 3
71%
47 Dijon FCO 6
71%
48 Le Mans FC 6
65%
61 SC Nîmes 3
64%
29 ES Troyes AC 19
63%
53 Grenoble Foot 4
62%
21 Valenciennes FC 33
61%
51 Thonon Evian FC 4
60%
34 Red Star 16
58%
26 CS Sedan Ardennes 23
57%
27 AS Cannes 22
55%
41 Sporting Toulon 12
55%
31 FC Rouen 19
53%
39 Stade Lavallois 13
52%
68 US Boulogne 1
49%
73 AC Arlésien 1
48%
52 Tours FC 4
48%
35 SC Sète 16
46%
71 AS Aix 1
44%
67 Istres FC 1
44%
63 Chamois Niortais SF 1
42%
70 Berrichonne Châteauroux 1
39%
49 FC Mulhouse 6
38%
57 FC Martigues 3
35%
42 CO Roubaix 10
34%
44 Excelsior AC 7
34%
23 Racing CF 30
34%
60 RC Roubaix 3
34%
54 Limoges Football 3
32%
64 SR Colmar 1
29%
65 FC Gueugnon 1
22%
50 Olympique d'Alès 6
15%
55 Angoulême CFC 3
14%
46 FC Antibes 7
12%
75 Hyères FC 1
11%
72 AC Avignon 1
7%
Aucun quiz correspondant
Distribution des résultats
% des personnes avec chaque résultat
Percentile par nombre de réponses
Votre historique - résultats
Vous n’avez pas pris ce quiz